Guess the song - Zayn Malik - Statistics

General Stats
  • This quiz has been taken 340 times
  • The average score is 27 of 62
Answer Stats
Hint Answer % Correct
Not tryna be indie, not tryna be cool… (ft Sia) Dusk Till Dawn
94%
I’d rather be, anywhere, anywhere but here… Good Years
84%
Climb on board, We’ll go slow and high tempo… PILLOWTALK
74%
She puts her spirits in a nightcap… sHe
69%
Just stop looking for love, girl you know you… (ft PARTYNEXTDOOR) Still Got Time
69%
This love is tainted, I need you and I hate it… fOoL fOr YoU
68%
I've been havin’ dreams, Jumpin’ on a… (ft SHAED and Joel Corry) Trampoline
67%
Fuckin’ on the countertop, window to the floor… (ft Devlin) Windowsill
63%
Sweet baby our sex has meaning… Let Me
62%
Cab radio screaming, Noise and tears, Death on the TV, And then there’s you… (ft Snakehips) Cruel
61%
We’re so late nights, Red eyes… dRuNk
61%
Oh we’re not, on the same place, Show me in the same light… (ft Kehlani) wRoNg
61%
Young Money, Hand on your hand, Chest on your chest, Tangled in bed… (ft Nicki Minaj) No Candle No Light
60%
Only you know me the way you know me, Only you forgive me when I’m sorry… There You Are
60%
Hey what’s up it’s been awhile, Talkin’ ‘bout it’s not my style… LIKE I WOULD
54%
Don’t keep me waiting, I’ve been waiting all night to get closer… Vibez
54%
She got she got she got, Her own reasons, for talking to me… iT’s YoU
50%
You though you had me didn’t you, When you lie to my face I could see the truth… Entertainer
49%
Nostalgia, What a funny feeling, I feel depleted… Calamity
47%
Well we’ll, you better run from me, You better hit the road… (ft R3HAB and Jungleboi) Flames
47%
Two wrongs make one right, When it’s left, at least we tried… Outside
47%
Stayin’ up, for you, Day and night, for you… Sweat
47%
Hope I only leave good vibes on your living room floor… Better
46%
I think we met and the time flies, I took your digits a while back… (ft Timbaland) Too Much
46%
We don’t define, each other, Stand on your own, be a pillar… River Road
45%
Walks in the place, Hands on her waist, Gun on her thigh… Sour Diesel
45%
I can taste it on your mouth, And I can’t leave it… TiO
45%
…I don’t drink to get drunk, I feel all the right funk… BeFoUr
44%
It’s just like breathin’, speakin’, When we touch… Natural
44%
Can your heart be mine, In search… rEaR vIeW
44%
Nobody said this would be easy, Nobody said this would be hard… Satisfaction
43%
Why’s it gotta feel like I’m walking a… Tightrope
43%
Ever been in love, Ever really love someone… (ft Syd) When Love’s Around
43%
I found my life, in between shots and getting high… BRIGHT
40%
Skies of blue and birds yellow, Flowers growing just to bloom… Stand Still
39%
My luck's on the game, Can’t find a way through… tRuTh
39%
What if I changed my mind, What if I said it’s over… Back To Life
38%
Don’t you fall, for me girl, I’m not the right kind… Good Guy
38%
I go where you go, go through Armageddon Girl I got you… Flight Of The Stars
37%
Fucked then I want ya, Looked then I loved ya, Stuck now I need ya… Fingers
36%
Blurry TV screens, Fuzzy broken scenes… Scripted
36%
Always looking out behind my fences, Always felt isolated… Common
35%
When I woke up, this morning, The sun had, just dawned in… All That
34%
In the clouds, where the angels sing… BLUE
34%
When the world was ending, I’d hold in my arms… (ft Ingrid Michaelson) To Begin Again
34%
You look through, The air on your face The way you say the things that you do… Talk To Me
33%
I’ve been roamin’ and strollin’, all of these streets… Insomnia
32%
I, I need you, I, I don’t, I question myself all the time, askin’ why… SHE DON’T LOVE ME
32%
Just let me talk, You know what I’m saying’… Tonight
32%
…We’re blazing on that new found haze… lUcOzAdE
31%
…I guess I flew too close to the sun, Myth’ll call me legend… Icarus Interlude
30%
…In a world of my own, That’s why my shoulder's so cold… Unfuckwitable
30%
Girl I got a problem, Unless we trust, You could be the best friend… You Wish You Knew
30%
She is the life of the party, Don’t stick that knife in my body… BoRdErZ
28%
Wake up wake up wake up wake up, Get up get up get up get up… (ft Chris Brown (and Usher)) Back to Sleep
26%
You could be changed man if you wanted, you could make the doves cry if you wanted… Fresh Air
26%
Think I’m from spaces, Must’ve fell down… If I Got You
24%
…’Cause this minute that I’m in, ‘Cause this minute’s where I live with you… Imprint
24%
…You think I’m on my, knees, But don’t you worry… Rainberry
21%
Funny when you come to my mind, That’s when you hit me up… Connexion
20%
…If it means I get to fly again Up in my island… I Don’t Mind
20%
Now that I’m on the edge… (not a real song) MiNd Of MiNdd (intro)
6%
No matching quizzes found
Score Distribution
Percent of People with Each Score
Percentile by Number Answered
Your Score History
You have not taken this quiz